Beerenobst im Garten /

Hlavní autor: Kramer, Siegfried
Jazyk: Němčina
Vydáno: Berlin : Deutscher Landwirtschaftsverlag, 1979
Vydání: 1. Aufl.
Edice: Bücher für den Gartenfreund
Fyzický popis: 95 s.
Knihy
Uloženo v:
LEADER 00739nam a22002532a 4500
001 000903732
003 CZ BrMZK
005 20080707154604.0
007 ta
008 080707s1979 gw er|||||||||||ger d
040 |a BOA001  |b cze 
080 9 |a 634.7 
100 1 |a Kramer, Siegfried  |4 aut 
245 1 0 |a Beerenobst im Garten /  |c Siegfried Kramer 
250 |a 1. Aufl. 
260 |a Berlin :  |b Deutscher Landwirtschaftsverlag,  |c 1979 
300 |a 95 s. 
490 1 |a Bücher für den Gartenfreund 
504 |a Obsahuje bibliografii 
830 0 |a Bücher für den Gartenfreund 
910 |a BOA001  |b 1-0811.040 
990 |a BK 
991 |b 200806 
996 7 |b 2619560030  |c 1-0811.040  |l MZK  |r Sklad / do 1 hodiny  |n 0  |w 000903732  |u 000010  |a 1  |e BOA001  |j MZK50  |s A